Information Computing and Applications (Record no. 224808)

MARC details
000 -LEADER
fixed length control field 00663nam a2200157Ia 4500
008 - FIXED-LENGTH DATA ELEMENTS--GENERAL INFORMATION
fixed length control field 231221s9999 xx 000 0 und d
020 ## - INTERNATIONAL STANDARD BOOK NUMBER
International Standard Book Number 978-3-642-34062-8
041 ## - LANGUAGE CODE
Language code of text/sound track or separate title English
100 ## - MAIN ENTRY--PERSONAL NAME
Personal name Baoxiang Liu, Maode Ma, Jincai Chang
245 #0 - TITLE STATEMENT
Title Information Computing and Applications
260 ## - PUBLICATION, DISTRIBUTION, ETC.
Date of publication, distribution, etc. 2012
Name of publisher, distributor, etc. Springer US
Place of publication, distribution, etc. New York
440 ## - SERIES STATEMENT/ADDED ENTRY--TITLE
Title Lecture Notes in Computer Science
650 ## - SUBJECT ADDED ENTRY--TOPICAL TERM
Topical term or geographic name entry element Computer Communication Networks; Algorithm Analysis and Problem Complexity; Software Engineering; Information Systems Applications (incl.Internet); Probability and Statistics in Computer Science; Business Information Systems
650 ## - SUBJECT ADDED ENTRY--TOPICAL TERM
Topical term or geographic name entry element Computer Science
942 ## - ADDED ENTRY ELEMENTS (KOHA)
Koha item type E-Books
Holdings
Date last seen Total checkouts Accession number Volume/Issue Number Uniform resource identifier Price effective from Category Lost status Damaged status Department Withdrawn status Home library Current library Shelving location Entry date Grants Billnumber Currency symbol Conversion rate Discount Old discount
26/01/2024   EB7178 7473 http://link.springer.com/openurl?genre=book&isbn=978-3-642-34061-1 26/01/2024 E-Books     Central Library   Central Library Central Library Central Library   CS 17829 RS 1    

© For any Suggestions or Query, please contact the library staff @ librarian@pes.edu or Phone: +9180 2672 1983/ 2108.